Schaum' s outline of theory and problems of linear algebra (Record no. 8946)

000 -LEADER
fixed length control field 00498 a2200169 4500
020 ## - INTERNATIONAL STANDARD BOOK NUMBER
International Standard Book Number 0071189475
040 ## - CATALOGING SOURCE
Original cataloging agency DLC
Language of cataloging DLC
082 ## - DEWEY DECIMAL CLASSIFICATION NUMBER
Classification number 512.5
100 ## - MAIN ENTRY--PERSONAL NAME
Personal name Lipschutz, Seymour.
245 ## - TITLE STATEMENT
Title Schaum' s outline of theory and problems of linear algebra
Statement of responsibility, etc. Lipschutz, Seyman
260 ## - PUBLICATION, DISTRIBUTION, ETC.
Place of publication, distribution, etc. New York :
Name of publisher, distributor, etc. McGraw-Hill,
Date of publication, distribution, etc. c2001.
300 ## - PHYSICAL DESCRIPTION
Extent viii, 424 p. ; .
Dimensions 27 cm
500 ## - GENERAL NOTE
General note ncludes Index
650 ## - SUBJECT ADDED ENTRY--TOPICAL TERM
Topical term or geographic name entry element Algebras, Linear--Outlines, syllabi, etc.
700 ## - ADDED ENTRY--PERSONAL NAME
Personal name Lipson, Marc
942 ## - ADDED ENTRY ELEMENTS (KOHA)
Koha item type Book
Call number prefix 512.5 LIP
Source of classification or shelving scheme
Holdings
Withdrawn status Lost status Damaged status Not for loan Collection code Permanent Location Current Location Shelving location Date acquired Source of acquisition Cost, normal purchase price Total Checkouts Total Renewals Full call number Barcode Checked out Date last seen Date last checked out Price effective from Koha item type
          Central Library (CL) Central Library (CL) General Stacks 06/15/2005 Allied Book Company 668.68 4 2 512.5 LIP SEECS005940 01/31/2024 10/03/2023 10/03/2023 01/05/2017 Book
© 2023 Central Library, National University of Sciences and Technology. All Rights Reserved.